Narodowości skoczków narciarskich #2 - Statystyki

Ogólne statystyki
  • Ten quiz został rozwiązany 101 razy
  • Średni wynik to 14 z 15
Statystyki odpowiedzi
Zagadnienie Odpowiedź % Poprawnych
Który kraj na arenie międzynarodowej reprezentuje Michael Hayboeck? Austria
100%
Który kraj na arenie międzynarodowej reprezentuje Daniel Tschofenig? Austria
100%
Który kraj na arenie międzynarodowej reprezentuje Timi Zajc? Słowenia
100%
Który kraj na arenie międzynarodowej reprezentuje Simon Ammann? Szwajcaria
100%
Który kraj na arenie międzynarodowej reprezentuje Thomas Diethart? Austria
97%
Który kraj na arenie międzynarodowej reprezentuje Niko Kytosaho? Finlandia
97%
Który kraj na arenie międzynarodowej reprezentuje Antti Aalto? Finlandia
97%
Który kraj na arenie międzynarodowej reprezentuje Robert Johansson? Norwegia
97%
Który kraj na arenie międzynarodowej reprezentuje Anze Lanisek? Słowenia
97%
Który kraj na arenie międzynarodowej reprezentuje Yevhen Marusiak? Ukraina
97%
Który kraj na arenie międzynarodowej reprezentuje Philipp Aschenwald? Austria
93%
Który kraj na arenie międzynarodowej reprezentuje Stephan Leyhe? Niemcy
93%
Który kraj na arenie międzynarodowej reprezentuje Gregor Deschwanden? Szwajcaria
93%
Który kraj na arenie międzynarodowej reprezentuje Anders Bardal? Norwegia
90%
Który kraj na arenie międzynarodowej reprezentuje Jewgienij Klimow? Rosja
90%
Nie znaleziono quizów pasujących do podanych kryteriów
Rozkład punktacji
Procent ludzi z każdym wynikiem
Percentyl według liczby udzielonych odpowiedzi
Twoja historia wyników
Nie rozwiązałeś tego quizu